Leader xxxxxxxxxx
001 __ PCLIS00044945
005 __ 20210617090337.0
010 0_ |a957-32-2909-9|b一套 : 平裝|dNT$500
010 0_ |a957-32-2910-2|b第一冊 : 平裝|dNT$250
010 0_ |a957-32-2911-0|b第二冊 : 平裝|dNT$250
100 __ |a20121119d19961957m y0chiy09 e
101 0_ |achi
102 __ |atw
105 __ |aaf z 000ay
200 1_ |a碧血劍|dThe sword stained with royal blood|zeng|f金庸著
205 __ |a三版
210 __ |a臺北市|c遠流|d1996[民85]
215 0_ |a2冊(864面, 圖版[32]面)|c部分彩圖|d21公分
225 2_ |a金庸作品集|v3-4
300 __ |a本館館藏為2011年24刷
320 __ |a附袁崇煥評傳
410 _0 |12001 |a金庸作品集|v3-4
510 1_ |aThe sword stained with royal blood
606 __ |2cst|a武俠小說
681 __ |a857.9|b864
700 _0 |a金庸|4著|f1924-2018
801 _0 |atw|b內湖高中|c20121119|gCCR
|